000 00630nab a2200217 4500
999 _c370740
_d370740
001 241619
003 OSt
005 20210907111232.0
007 tu
008 181130s2018|||||||
040 _aDE-2950
_cDE-2950
245 0 0 _aPawel-Beljajew-Straße.
_bErste Balkone fertig.
264 _c2021
500 _aFormat: 2
525 _aEnthaltene Fotografien: Foto
_aEnthält: "Lebendiger Adventskalender 2018" Programm
653 _aFrankfurt (Oder)
653 _aBeljajewstraße / Wohngebiet Süd
653 _aSanierung
773 0 _g2/2021, August 2021, S. 2.
_tStadtgespräch : Zeitung für Frankfurt (Oder)
942 _2z
_cA